Kontury granic państwowych - Statystyki

Ogólne statystyki
  • Ten quiz został rozwiązany 57 razy
  • Średni wynik to 7 z 16
Statystyki odpowiedzi
Obrazkowy Odpowiedź % Poprawnych
Gambia + Senegal
86%
Etiopia + Somalia
82%
Bośnia i Hercegowina + Chorwacja
69%
Polska + Ukraina
67%
Kanada + Stany Zjednoczone
63%
Armenia + Azerbejdżan
57%
Botswana + Namibia
49%
Austria + Niemcy
37%
Laos + Tajlandia
35%
Egipt + Sudan
31%
Gabon + Kongo
29%
Chiny + Korea Północna
24%
Irlandia + Wielka Brytania
20%
Brazylia + Peru
18%
Chiny + Kazachstan
2%
Honduras + Salwador
0%
Nie znaleziono quizów pasujących do podanych kryteriów
Rozkład punktacji
Procent ludzi z każdym wynikiem
Percentyl według liczby udzielonych odpowiedzi
Twoja historia wyników
Nie rozwiązałeś tego quizu